LSAT PACING PRACTICE / (Record no. 615644)

000 -LEADER
fixed length control field 00326nam a22001337a 4500
020 ## - INTERNATIONAL STANDARD BOOK NUMBER
Qualifying information PB.
040 ## - CATALOGING SOURCE
Transcribing agency FIZZA ISHAQ
082 ## - DEWEY DECIMAL CLASSIFICATION NUMBER
Classification number 340.0711
Author Mark TES
100 ## - MAIN ENTRY--PERSONAL NAME
Personal name PREP,TEST.
9 (RLIN) 132492
245 ## - TITLE STATEMENT
Title LSAT PACING PRACTICE /
Statement of responsibility, etc. TEST PREP.
260 ## - PUBLICATION, DISTRIBUTION, ETC.
Place of publication, distribution, etc. S-L
Name of publisher, distributor, etc. TEST PREP BOOK;
Date of publication, distribution, etc. 2009.
300 ## - PHYSICAL DESCRIPTION
Extent 504 P. ;
Dimensions 10.9X8.2IN
942 ## - ADDED ENTRY ELEMENTS (KOHA)
Source of classification or shelving scheme
Koha item type Book
Holdings
Withdrawn status Lost status Source of classification or shelving scheme Damaged status Not for loan Permanent Location Current Location Shelving location Date acquired Total Checkouts Full call number Barcode Date last seen Price effective from Koha item type
          NUST Baluchistan Campus (NBC) NUST Baluchistan Campus (NBC) General Stacks 12/19/2025   340.0711 TES QD-861 12/19/2025 12/19/2025 Book
© 2023 Central Library, National University of Sciences and Technology. All Rights Reserved.